000 00962nam a2200289Ia 4500
003 OSt
005 20220928130817.0
006 a|||||r|||| 00| 0
007 ta
008 220927b |||||||| |||| 00| 0 eng d
020 _c6514.1999999999998
024 _a105974
037 _b18498, 01/02/2010, Shankers Book Agency
_cTextual
040 _aSDCL
_cSDCL
_beng
041 _2eng
_aeng
082 _aG9 X1, P8
100 _aGonsalves Kenneth E Ed.
_9476314
245 0 _aBiomedical nanostructures.
260 _aNew Jersey
_bWiley
_c2008
300 _axxiii, 507p
_ccm.
650 _aBiochemistry
700 _a Halberstadt Craig R. Ed.
_9476315
700 _a Laurencin Cato T Ed.
_9476316
700 _a Nair Lakshmi S Ed.
_9476317
942 _hG9 X1, P8
_cTEXL
_2CC
999 _c788796
_d788796